00799nam a2200241 u 450000100100000000500170001000800410002702000180006804100090008604300120009508200190010710000250012624501080015125000120025926000370027130000170030850000560032565000460038165000310042765000400045865000350049870000240053300005773220200120223735.0130704s2012 ck a gr 000 0 spa d a97895830390100 a|spa as-ck---04a649.3bM172211 aMarinkovi'c, Simeon,13aEl mundo de Gabriela :bAlimentación saludable /cSimeon Marinkovi'c ; ilustraciones de Dusan Pavlic. a1a. ed. aBogotá :bPanamericana,c2012. a26 p. :bil. aTítulo original : What Anna knows : healthy food.14aNutrición infantilxLiteratura infantil24aSaludxLiteratura infantil24aAlimentaciónxLiteratura infantil24aLibros ilustrados para niños1 aPavlic, Dusan,eil.